00847nam a22002417a 450000500170000001000130001702000100003003500130004003700160005304000120006908200160008110000290009724500350012626000360016127000600019730000200025750000510027765000510032865000570037994200250043699900190046195201250048020170124110051.0 aA-345889 c40.00 aA-345889 bCen Lib/Ret aDPLbEN a812.08bVEN aVenkatachalam, V.925536 aBhāsa /cby V. Venkatachalam aNew DelhibSahitya Akademc1986 bNew DelhiaRabindra Bhawan, 35, ferozshah Roade110001 a191p.c21cm(Hb) aIncludes bibliographical references and index  aBhāsa -- Criticism and interpretation925537 aBhāsa -- Criticism -- and -- interpretation925538 2ddccENh812.08mVEN c129140d129140 00104070aLbLd2015-07-04eCen Lib/Retg40.00l0o812.08 VENpA-345889r2015-07-04 00:00:00t1v40.00w2015-07-04yEN